| 000 | 01457nam a22002177a 4500 | ||
|---|---|---|---|
| 999 |
_c57637 _d57637 |
||
| 003 | Ge_BSU | ||
| 005 | 20210415144923.0 | ||
| 008 | 200824s2017 ge ||||| |||| 00| 0 geo d | ||
| 020 | _a9789941953743 | ||
| 041 | _ageo | ||
| 080 | _a328.185(479.22)+343.352(479.22) მ-53 | ||
| 100 |
_aმელქაძე, ზურაბ. _98181 |
||
| 245 |
_aკორუფციულ სამოხელეო დანაშაულზე გამოძიებისა და ოპერატიულ-სამძებრო ღონისძიებების ჩატარების თავისებურებები / _cზურაბ მელქაძე ; რედ: ჯემალ გახოკიძე, ირაკლი გაბისონია. |
||
| 264 |
_aთბილისი : _bიურისტების სამყარო, _c2017. |
||
| 300 |
_a116 გვ. ; _b20 სმ. |
||
| 500 | _aწიგნი გამოცემულია საქ. ტექნ. უნ-ტის სამართლისა და საერთაშორისო ურთიერთობების ფაკ-ტის მხარდაჭერით. | ||
| 504 | _aბიბლიოგრ.: გვ. 112-115. | ||
| 653 | _a კორუფცია საქართველოში | ||
| 700 |
_aგახოკიძე, ჯემალ _eრედაქტორი. _99290 |
||
| 942 |
_2udc _cBK |
||